Catálogo
 En Linea

Ideas en movimiento: (Registro nro. 52984)

Detalles MARC
000 -CABECERA
campo de control de longitud fija 00916nam a2200265 a 4500
003 - IDENTIFICADOR DEL NÚMERO DE CONTROL
campo de control DO-SdBNP
005 - FECHA Y HORA DE LA ÚLTIMA TRANSACCIÓN
campo de control 20221122110220.0
007 - CAMPO FIJO DE DESCRIPCIÓN FÍSICA--INFORMACIÓN GENERAL
campo de control de longitud fija ta
008 - DATOS DE LONGITUD FIJA--INFORMACIÓN GENERAL
campo de control de longitud fija 221122e2020 dr ||||gr|||| 001 e spa d
020 ## - NÚMERO INTERNACIONAL ESTÁNDAR DEL LIBRO
Número Internacional Estándar del Libro 9789945883855
040 ## - FUENTE DE LA CATALOGACIÓN
Centro catalogador/agencia de origen DO-SdBNP
Lengua de catalogación spa
Centro/agencia transcriptor BNPHU
082 #4 - NÚMERO DE LA CLASIFICACIÓN DECIMAL DEWEY
Número de edición 22
Número de documento/Ítem I19m
245 10 - MENCIÓN DE TÍTULO
Título Ideas en movimiento:
Resto del título joven ensayística puertoplateña. /
264 ## - PRODUCCIÓN, PUBLICACIÓN, DISTRIBUCIÓN, FABRICACIÓN Y COPYRIGHT
Producción, publicación, distribución, fabricación y copyright Puerto Plata, República Dominicana :
Nombre del de productor, editor, distribuidor, fabricante Sociedad Cultural Renovación,
Fecha de producción, publicación, distribución, fabricación o copyright 2020
300 ## - DESCRIPCIÓN FÍSICA
Extensión 53 p. :
Dimensiones 27 cm.
490 ## - MENCIÓN DE SERIE
Mención de serie Por Nuestro País Primero
500 ## - NOTA GENERAL
Nota general Concurso Literario por Nuestro País Primero 2020.
500 ## - NOTA GENERAL
Nota general Incluye veredicto, p. 54 - 55
586 ## - NOTA DE PREMIOS
Nota de premios Premio José Dubeau. Ensayo 13 a 18 años.
590 ## - NOTA LOCAL (RLIN)
Nota local Inventariado 2022 / MF
650 #4 - PUNTO DE ACCESO ADICIONAL DE MATERIA--TÉRMINO DE MATERIA
9 (RLIN) 78488
Término de materia o nombre geográfico como elemento de entrada Literatura
Subdivisión de forma Ensayo
Subdivisión general Concurso
Subdivisión geográfica República Dominicana
650 #4 - PUNTO DE ACCESO ADICIONAL DE MATERIA--TÉRMINO DE MATERIA
9 (RLIN) 78415
Término de materia o nombre geográfico como elemento de entrada Ensayo Literario
Subdivisión de forma Concruso
Subdivisión geográfica República Dominicana
910 ## - DATOS DE OPCIÓN DEL USUARIO (OCLC)
Datos de opción del usuario Mfeliz
942 ## - ELEMENTOS DE PUNTO DE ACCESO ADICIONAL (KOHA)
Fuente del sistema de clasificación o colocación Dewey Decimal Classification
Tipo de ítem Koha Libro
Existencias
Estado de retiro Estado de pérdida Fuente del sistema de clasificación o colocación Restricciones de uso No para préstamo Código de colección Localización permanente Ubicación/localización actual Ubicación en estantería Fecha de adquisición Fuente de adquisición Total de préstamos Signatura topográfica completa Código de barras Fecha visto por última vez Precio válido a partir de Tipo de ítem Koha Número de copia
    Dewey Decimal Classification Excluido de préstamo   Patrimonio Dominicano Biblioteca Nacional Pedro Henríquez Ureña Biblioteca Nacional Pedro Henríquez Ureña En catalogación 27.01.2022 Depósito legal / Ediciones Renovación   I19m 2022-5552 22.11.2022 22.11.2022 Libro  
    Dewey Decimal Classification Excluido de préstamo   Patrimonio Dominicano Biblioteca Nacional Pedro Henríquez Ureña Biblioteca Nacional Pedro Henríquez Ureña En catalogación 27.01.2022 Depósito legal / Ediciones Renovación   I19m 2022-5553 22.11.2022 22.11.2022 Libro e.2

Con tecnología Koha